000
00298nam a22001337a 4500
008
181101b xxu||||| |||| 00| 0 eng d
020
_a
9781886968073
041
_a
eng
080
_a
159.9
100
_a
48
101
_a
PSI
245
_a
Secondary Traumatic Stress
_c
Stamm,B,H
942
_2
udc
_c
BK
999
_c
51451
_d
51451